Roman Innovations in Monty Python's Life of Brian - Statistics

General Stats
  • This quiz has been taken 274 times
  • The average score is 5 of 10
Answer Stats
Roman Innovation % Correct
the roads
97%
brought peace
63%
the aqueduct
61%
irrigation
53%
medicine
53%
the wine
49%
public baths
40%
the sanitation
32%
education
26%
public order
19%
No matching quizzes found
Score Distribution
Percent of People with Each Score
Percentile by Number Answered
Your Score History
You have not taken this quiz